| 000 | 00626nam a2200193 a 4500 | ||
|---|---|---|---|
| 005 | 20240808063828.0 | ||
| 008 | 991125s1879 fr 000 0 por u | ||
| 035 | _aUPN01000041701 | ||
| 049 | _aCE | ||
| 050 | 4 |
_aQK75 _bV5.5 |
|
| 100 | 1 |
_aVilla-Franca, M., _cLe Barón de |
|
| 245 | 1 | 0 |
_aNote sur les plantes útiles du Brésil / _cpar M. Le Barón de Villa-Franca |
| 260 |
_aParís : _bOctave Doin, _c1879. |
||
| 300 | _a40 p. | ||
| 500 | _a"Extrait du bulletin de thérapeutique médicale et chirurgicale numéros de juillet 1879 et suivants" | ||
| 650 | 4 |
_aBotánica _9764 |
|
| 650 | 4 |
_aHERBARIA _913179 |
|
| 905 | _aLibro | ||
| 999 |
_c41701 _d41701 |
||